000 00447nam a2200157 i 4500
001 104307
003 ES-MaACL
005 20230906183551.0
007 t|
008 051128s1932 sp ||||1| spa d
100 1 _aMiguel, Alfonso.
_980998
245 1 0 _aPalabras de un soldado
_b: todo el poder a los sindicatos /
_cpor Alfonso Miguel.
260 _aBarcelona :
_bFénix,
_c1932.
300 _a32 p. ;
_c21 cm.
852 _aES-MaACL
_j1749-F-22
999 _c104307
_d104307